000 00436cam a2200169ua 4500
020 _c395.00
041 _aeng
_h
082 _a519
_bTAN/AD
100 _aTaneja, H.C .
245 _aAdvanced engineering mathematics /
_cH.C Taneja.
_hTextual Documents
260 _aNew Delhi :
_bI.K International Publishing House ,
_c2007.
300 _a895 ; .
365 _a395.00
504 _a
942 _cBK
999 _c13173
_d13173